| 000 | 00709cam a2200229 a 4500 | ||
|---|---|---|---|
| 001 | 000008307 | ||
| 005 | 20260513160823.0 | ||
| 008 | 970227s1995 ck a 000 1 spa | ||
| 020 | _a9586122085 | ||
| 040 |
_aDO-SdBNP _cDLC |
||
| 082 |
_aCo863.6 _bP859m |
||
| 100 | 1 |
_aPotdevin Segura, Philip, _d1958- _922459 |
|
| 245 | 1 | 0 |
_aMetatrón / _cPhilip Potdevin Segura. |
| 260 |
_aColombia : _bColcultura, _c1995. |
||
| 300 |
_a369 p. : _bil. ; _c21 cm. |
||
| 586 | _aPremios Nacionales de Cultura, 1994 | ||
| 650 | 4 |
_aNovela colombiana _91243 |
|
| 650 | 4 |
_aLiteratura colombiana _91244 |
|
| 650 | 0 |
_aHistorias de aventuras _922460 |
|
| 650 | 4 |
_aÁngeles _xAventura _922461 |
|
| 910 | _aCatalogación por copia / LC | ||
| 999 |
_c8078 _d8078 |
||